Paper making in Texas : a historical sketch of the origins and development of the manufacture of newsprint and other forms of paper in the southwest /

Bibliographic Details
Main Author: Kilgore, Linda Elaine
Format: Book
Language:English
Published: Austin : School of Journalism Development Program, University of Texas, 1963.
Series:University of Texas public affairs reporting publication.
Subjects:

MARC

Tag First Indicator Second Indicator Subfields
LEADER 00000cam a2200000 4500
001 in00000095269
005 20190207093504.0
008 750620s1963 eng u
010 |a  64063816  
035 |a (OCoLC)01401844 
035 |9 AAL7152AM 
040 |c GSU  |d TXA  |d UtOrBLW 
049 |a TXAS  |c [382879] 
090 |a TS1095.U6  |b K5 
100 1 |a Kilgore, Linda Elaine. 
245 1 0 |a Paper making in Texas :  |b a historical sketch of the origins and development of the manufacture of newsprint and other forms of paper in the southwest /  |c by Linda Elaine Kilgore. 
264 1 |a Austin :  |b School of Journalism Development Program, University of Texas,  |c 1963. 
300 |a 61 pages ;  |c 24 cm. 
336 |a text  |b txt  |2 rdacontent 
337 |a unmediated  |b n  |2 rdamedia 
338 |a volume  |b nc  |2 rdacarrier 
490 1 |a A University of Texas public affairs reporting publication 
500 |a The Cushing Library/Chapman Texas Collection copy is part of the Floyd & Louise Chapman Texas & Borderlands Collection.  |5 TXA 
504 |a Bibliography: pages 57-61. 
650 0 |a Newsprint  |z Texas. 
650 0 |a Papermaking  |z Texas. 
830 0 |a University of Texas public affairs reporting publication. 
999 |a MARS 
999 f f |s 172038d3-2a22-37c1-8e83-2394fe5c9a0a  |i ca8b7cc6-63e9-3cda-afc2-d565f852833b  |t 0 
952 f f |p noncirc  |a Texas A&M University  |b College Station  |c Cushing Memorial Library & Archives  |d Cushing: Chapman Texas Collection (Does not check out)  |t 0  |e TS1095.U6 K5  |h Library of Congress classification  |i unmediated -- volume  |m A14800481669 
998 f f |a TS1095.U6 K5  |t 0  |l Cushing: Chapman Texas Collection (Does not check out)